| 000 | 00362nam a2200133Ia 4500 | ||
|---|---|---|---|
| 005 | 20260328104335.0 | ||
| 008 | 260328s9999||||xx |||||||||||||| ||und|| | ||
| 100 | _aVillazón Godoy, Rafael | ||
| 245 | 0 |
_aProyectos 07 Las Ideas / Proyectos / _cRafael Villazón Godoy |
|
| 260 | _bUniversidad de los Andes | ||
| 300 | _a159 p. | ||
| 650 | _aCOLOMBIA | ||
| 942 | _cBK | ||
| 999 |
_c11873 _d11873 |
||